00241nam a2200097Ia 4500008004100000100002200041245002900063260002800092300000800120650001500128191201s2014 xx 000 0 und d aGULHATI, Shashi K 0aGeotechnical Engineering aN. delhibPearsonc2014 a737 aB.Tech(CE)